Pierre Garnier - Ce qui me va [paroles] - Statistiques

Statistiques générales
  • Ce quiz a été pris 11 fois
  • Le résultat moyen est 70 sur 73
Statistiques - réponses
Réponse % Correct
à
100%
attendu
100%
avoir
100%
ça
100%
ce
100%
cet
100%
comme
100%
de
100%
déçus
100%
des
100%
doute
100%
endroit
100%
erreurs
100%
et
100%
ferai
100%
j’ai
100%
jamais
100%
j’avais
100%
je
100%
j’en
100%
juste
100%
la
100%
100%
le
100%
ma
100%
mais
100%
me
100%
m’écoutez
100%
même
100%
moi
100%
ne
100%
nous
100%
pas
100%
peu
100%
plus
100%
pourquoi
100%
quand
100%
que
100%
qui
100%
quitter
100%
sais
100%
si
100%
soir
100%
suis
100%
toujours
100%
tout
100%
toute
100%
un
100%
va
100%
veux
100%
vie
100%
voix
100%
voulu
100%
vous
100%
c’qui
89%
dans
89%
dire
89%
laisse
89%
m’attire
89%
m’en
89%
miroir
89%
oser
89%
qu’on
89%
reconnais
89%
rêver
89%
sans
89%
tant
89%
voulez
89%
cherche
78%
d’être
78%
encore
78%
essayer
78%
savoir
78%
Aucun quiz correspondant
Distribution des résultats
% des personnes avec chaque résultat
Percentile par nombre de réponses
Votre historique - résultats
Vous n’avez pas pris ce quiz